Score 0/20 Timer 02:00
0 Plays Today
Album Missing Word % Correct
____ a VirginLike
94%
____ in the U.S.ABorn
92.1%
____ You Were HereWish
91.2%
Goodbye ____ Brick RoadYellow
87.5%
Bridge Over ____ WaterTroubled
85.5%
____ out of HellBat
79.4%
A Rush of ____ to the HeadBlood
74.4%
The Joshua ____Tree
73.4%
The Marshall ____ LPMathers
66.1%
(What's the ____) Morning Glory?Story
64.9%
Album Missing Word % Correct
Come ____ With MeAway
52.8%
Straight Outta ____Compton
52.5%
At ____ PrisonFolsom
45.1%
____ for DestructionAppetite
44%
Master of ____Puppets
41.7%
Songs in the ____ of LifeKey
39.6%
Blood ____ Sex MagikSugar
37.8%
____ of the HolyHouses
28.9%
The ____ Is DeadQueen
24.8%
Under The ____ And DreamingTable
18.1%

Today's Daily Dose

You're not logged in!

Compare scores with friends on all Sporcle quizzes.
OR
Log In

Sporcle TV

Today on Sporcle TV


Watch our educational content, quiz creation guides, and fun videos on Sporcle TV.

Show Comments

Extras

Top Quizzes Today


Score Distribution

Your Account Isn't Verified!

In order to create a playlist on Sporcle, you need to verify the email address you used during registration. Go to your Sporcle Settings to finish the process.

Report this User

Report this user for behavior that violates our Community Guidelines.

Details: